[Event "Titled Tue 17th Jun Early"]
[Site "chess.com INT"]
[Date "2025.06.17"]
[Round "1"]
[White "Sobek, Jaroslav"]
[Black "Kukushkin, Ivan"]
[Result "0-1"]
[WhiteTitle "FM"]
[BlackTitle "CM"]
[WhiteElo "2195"]
[BlackElo "2008"]
[WhiteFideId "301388"]
[BlackFideId "11634103"]
[EventDate "2025.06.17"]

1. d4 d5 2. c4 e6 3. Nc3 Nf6 4. Bg5 Be7 5. e3 O-O 6. Nf3 c6 7. Qc2 Nbd7 8. Rd1
h6 9. Bh4 b6 10. cxd5 cxd5 11. Bd3 Bb7 12. O-O Rc8 13. Qb1 a6 14. Rc1 b5 15. Rc2
Nb6 16. b3 Nfd7 17. Bg3 Bb4 18. Rfc1 Qe7 19. Ne2 Rxc2 20. Rxc2 Bd6 21. Qc1 Bxg3
22. hxg3 Qd6 23. Rc7 Rc8 24. Rxc8+ Nxc8 25. Nf4 Na7 26. Bb1 g6 27. Qc2 Qc6 28.
Qxc6 Nxc6 29. Nd3 a5 30. Bc2 Kf8 31. Kf1 Ke7 32. a3 Kd6 33. b4 axb4 34. axb4 Nb6
35. Nd2 Nc4 36. Nb3 Na3 37. Bd1 h5 38. Nbc5 Bc8 39. f4 Nc4 40. Ke2 f6 41. Bb3
Ke7 42. Bc2 e5 0-1

[Event "Titled Tue 17th Jun Early"]
[Site "chess.com INT"]
[Date "2025.06.17"]
[Round "1"]
[White "Tristan, Leonardo"]
[Black "Mika, Tomasz"]
[Result "1-0"]
[WhiteTitle "GM"]
[BlackTitle "CM"]
[WhiteElo "2536"]
[BlackElo "2227"]
[WhiteFideId "113816"]
[BlackFideId "1132970"]
[EventDate "2025.06.17"]

1. d4 Nf6 2. Nf3 e6 3. Bf4 b6 4. e3 Bb7 5. Nbd2 Be7 6. h3 O-O 7. Bd3 c5 8. c3
Nc6 9. O-O d6 10. Bh2 Rc8 11. a3 Re8 12. b4 cxd4 13. cxd4 Nd5 14. Qb3 Bf6 15.
Rac1 Qd7 16. Nc4 Be7 17. b5 Na5 18. Nxa5 bxa5 19. Nd2 Nb6 20. a4 d5 21. Qa2 Rxc1
22. Rxc1 Rc8 23. Rc2 Bb4 24. Nb3 Rxc2 25. Bxc2 Qc8 26. Nc5 Bxc5 27. dxc5 Qxc5
28. Be5 Nc4 29. Bd4 Qb4 30. Qa1 f6 31. Bxa7 Qd2 32. Qd1 Qb4 33. e4 Qd6 34. exd5
exd5 35. Bd4 Ne5 36. Qe1 Qb4 37. Qxb4 axb4 38. a5 Nc4 39. a6 Ba8 40. b6 Na5 41.
Bc5 b3 42. Bxb3 1-0

[Event "Titled Tue 17th Jun Early"]
[Site "chess.com INT"]
[Date "2025.06.17"]
[Round "1"]
[White "Buyankhishig, Batpelden"]
[Black "Zia, Tahsin Tajwar"]
[Result "1-0"]
[WhiteTitle "WFM"]
[BlackTitle "FM"]
[WhiteElo "2015"]
[BlackElo "2369"]
[WhiteFideId "4923537"]
[BlackFideId "10211888"]
[EventDate "2025.06.17"]

1. d4 d6 2. e4 g6 3. Nc3 c6 4. Nf3 Nf6 5. a4 Nbd7 6. Bc4 Bg7 7. O-O O-O 8. h3
Qc7 9. Be3 e5 10. Bb3 b6 11. a5 Ba6 12. Re1 b5 13. Qd2 b4 14. Na4 Nxe4 15. Qxb4
Rab8 16. Qa3 d5 17. dxe5 Nxe5 18. Nxe5 Bxe5 19. Nc5 Nxc5 20. Bxc5 Rfe8 21. c3
Re6 22. Re3 Rbe8 23. Rae1 Bh2+ 24. Kh1 Rxe3 25. Rxe3 Rxe3 26. Bxe3 Bd6 27. Bc5
Be5 28. Qb4 Qd7 29. Bc2 Kg7 30. Bd4 Bxd4 31. Qxd4+ f6 32. b4 Qe7 33. f4 Bb5 34.
Kh2 a6 35. Bd3 Bxd3 36. Qxd3 Qe4 37. Qxe4 dxe4 38. c4 Kf7 39. b5 cxb5 40. cxb5
e3 41. Kg3 axb5 42. a6 b4 43. a7 b3 44. a8=Q b2 45. Qb7+ 1-0

[Event "Titled Tue 17th Jun Early"]
[Site "chess.com INT"]
[Date "2025.06.17"]
[Round "1"]
[White "Hnatyshyn, Anastasiia"]
[Black "Nguyen, Ngoc Truong Son"]
[Result "0-1"]
[WhiteTitle "WFM"]
[BlackTitle "GM"]
[WhiteElo "2233"]
[BlackElo "2600"]
[WhiteFideId "14198339"]
[BlackFideId "12401110"]
[EventDate "2025.06.17"]

1. Nc3 e5 2. Nf3 Nc6 3. d4 exd4 4. Nxd4 Nf6 5. Bg5 Be7 6. Nf5 O-O 7. Nxe7+ Qxe7
8. Nd5 Qe5 9. Bxf6 gxf6 10. c3 Ne7 11. Nxe7+ Qxe7 12. e3 d6 13. Bd3 f5 14. Qh5
Qf6 15. O-O-O Re8 16. h4 Bd7 17. Rh3 Kh8 18. Rf3 Re5 19. Rf4 Qg6 20. Qe2 Qxg2
21. h5 Rg8 22. Bc2 Be6 23. a3 h6 24. Qd2 Rd5 25. Rd4 Rxd4 26. exd4 Qg5 27. d5
Qxd2+ 28. Rxd2 Bd7 29. Re2 Kg7 30. Re7 Rd8 31. f4 Kf6 32. Re3 Rg8 33. b4 Rg1+
34. Kb2 Rf1 35. Rg3 Rxf4 36. Rg8 Rf2 37. Kc1 f4 38. Rh8 Kg5 39. Rf8 f6 40. Rf7
Bg4 41. Rg7+ Kxh5 42. Rxc7 f3 43. Rxb7 Rxc2+ 44. Kxc2 f2 0-1

[Event "Titled Tue 17th Jun Early"]
[Site "chess.com INT"]
[Date "2025.06.17"]
[Round "1"]
[White "Popov, Tikhon"]
[Black "Klys, Kacper"]
[Result "1-0"]
[WhiteTitle "CM"]
[BlackTitle "CM"]
[WhiteElo "2173"]
[BlackElo "2218"]
[WhiteFideId "24252026"]
[BlackFideId "21005281"]
[EventDate "2025.06.17"]

1. e4 Nc6 2. Nc3 e5 3. Nf3 Nf6 4. a4 g6 5. Bc4 Bg7 6. d3 h6 7. Nd5 d6 8. c3 O-O
9. h3 Be6 10. Nxf6+ Qxf6 11. Bxe6 Qxe6 12. O-O f5 13. exf5 gxf5 14. d4 Qf7 15.
b4 e4 16. Nd2 Rae8 17. Re1 d5 18. b5 Nd8 19. Ba3 Ne6 20. Bxf8 Bxf8 21. c4 Nxd4
22. cxd5 Qxd5 23. Rc1 Bd6 24. Nc4 Be5 25. Qh5 Rf8 26. Nxe5 Qxe5 27. Qg6+ Qg7 28.
Qxg7+ Kxg7 29. Rxc7+ Kf6 30. Rxb7 Ra8 31. Rd1 Ke5 32. Re7+ Kf6 33. Rh7 Ne2+ 34.
Kf1 Nf4 35. Rxh6+ Ke5 36. g3 Nd3 37. Rc6 Rh8 38. h4 Rg8 39. Rc3 Kd4 40. Ra3 f4
41. Ke2 fxg3 42. Raxd3+ exd3+ 43. Rxd3+ 1-0

[Event "Titled Tue 17th Jun Early"]
[Site "chess.com INT"]
[Date "2025.06.17"]
[Round "1"]
[White "Lacasa Diaz, Josep Anton"]
[Black "Iskusnyh, Sergei"]
[Result "0-1"]
[WhiteTitle "IM"]
[BlackTitle "GM"]
[WhiteElo "2315"]
[BlackElo "2440"]
[WhiteFideId "2203375"]
[BlackFideId "4120027"]
[EventDate "2025.06.17"]

1. e4 e6 2. d4 d5 3. e5 c5 4. c3 Nc6 5. Nf3 Nge7 6. a3 Nf5 7. b4 cxd4 8. cxd4
Bd7 9. Be3 b5 10. Bd3 a5 11. bxa5 Qxa5+ 12. Nbd2 Nxe3 13. fxe3 Qc3 14. Bxb5
Qxe3+ 15. Qe2 Qxe2+ 16. Bxe2 Bxa3 17. O-O O-O 18. Bd3 Bb2 19. Rxa8 Rxa8 20. Ng5
Bxd4+ 21. Kh1 Nxe5 22. Bxh7+ Kf8 23. Bc2 Ra2 24. Ndf3 Nxf3 25. Nxf3 Ra1 26. Rxa1
Bxa1 27. Kg1 Ke7 28. Kf1 e5 29. Bb3 Bc6 30. Ke2 e4 31. Nd2 f5 32. h3 Kd6 33. Nf1
f4 34. Nh2 Bb5+ 35. Kd2 Bd7 36. Bc2 Ke5 37. Ng4+ Bxg4 38. hxg4 d4 39. Ba4 d3 40.
Bb5 Kd4 41. g5 e3+ 42. Kd1 e2+ 43. Ke1 Bc3+ 0-1

[Event "Titled Tue 17th Jun Early"]
[Site "chess.com INT"]
[Date "2025.06.17"]
[Round "1"]
[White "Uzuner, Tufan Can"]
[Black "Domin, Yan"]
[Result "1-0"]
[WhiteTitle "CM"]
[BlackTitle "FM"]
[WhiteElo "1909"]
[BlackElo "2222"]
[WhiteFideId "6300499"]
[BlackFideId "34169342"]
[EventDate "2025.06.17"]

1. d4 Nf6 2. Nf3 d6 3. c4 g6 4. Nc3 Bf5 5. Bg5 Bg7 6. e3 h6 7. Bh4 O-O 8. Be2 c5
9. O-O Nc6 10. d5 Na5 11. Nd2 Qb6 12. e4 Bd7 13. Qc2 e6 14. Rfe1 Rfe8 15. Bf1 g5
16. Bg3 Nh5 17. Rad1 Nxg3 18. hxg3 Rac8 19. Be2 exd5 20. exd5 Re7 21. Bd3 Rce8
22. Kf1 Bg4 23. Rxe7 Rxe7 24. Re1 Rxe1+ 25. Kxe1 Qd8 26. f3 Bd7 27. Nde4 Be5 28.
g4 a6 29. Kf2 Qe7 30. Ne2 b5 31. b3 Nb7 32. N2g3 Bd4+ 33. Kf1 Qe5 34. Qe2 bxc4
35. Bxc4 a5 36. Bb5 Bc8 37. Ba6 Qxd5 38. Bxb7 Bxb7 39. Nf5 Be5 40. Ne7+ 1-0

[Event "Titled Tue 17th Jun Early"]
[Site "chess.com INT"]
[Date "2025.06.17"]
[Round "1"]
[White "Oppezzo, Sebastian"]
[Black "Belov, Alexei"]
[Result "1-0"]
[BlackTitle "IM"]
[WhiteElo "2177"]
[BlackElo "2421"]
[WhiteFideId "112321"]
[BlackFideId "4128206"]
[EventDate "2025.06.17"]

1. d4 d5 2. c4 e6 3. g3 Nf6 4. Bg2 Be7 5. Nf3 O-O 6. O-O dxc4 7. Ne5 Nc6 8. Bxc6
bxc6 9. Nxc6 Qe8 10. Nxe7+ Qxe7 11. Qa4 e5 12. dxe5 Qxe5 13. Qxc4 Be6 14. Qc2
Bf5 15. Qc4 Rfe8 16. Nc3 c5 17. Bf4 Qd4 18. Qxd4 cxd4 19. Nb5 Red8 20. Rfd1 d3
21. exd3 Bxd3 22. Nc7 Rac8 23. Rac1 h6 24. Rc3 Be4 25. Rxd8+ Rxd8 26. f3 Bb1 27.
a4 g5 28. Be5 Rd1+ 29. Kf2 Nd7 30. f4 Nxe5 31. fxe5 Rd2+ 32. Kf3 Rxb2 33. Nd5 1-0

[Event "Titled Tue 17th Jun Early"]
[Site "chess.com INT"]
[Date "2025.06.17"]
[Round "1"]
[White "Przybylski, Bartosz"]
[Black "Castillo Pena, Patricia Evarista"]
[Result "1-0"]
[WhiteTitle "CM"]
[BlackTitle "WFM"]
[WhiteElo "2101"]
[BlackElo "1909"]
[WhiteFideId "21878323"]
[BlackFideId "6412106"]
[EventDate "2025.06.17"]

1. f4 d5 2. g3 c5 3. Bg2 Nf6 4. Nf3 Nc6 5. O-O e6 6. d3 Bd6 7. c3 O-O 8. a4 Qc7
9. Na3 a6 10. Nc2 e5 11. fxe5 Nxe5 12. Bg5 Nxf3+ 13. Bxf3 Nd7 14. Ne3 Bxg3 15.
Nxd5 Bxh2+ 16. Kh1 Qg3 17. Bf4 Qh3 18. Bxh2 Ne5 19. Bg2 Qh6 20. Qc1 Qh4 21. Qf4
Ng4 22. Qd6 Be6 23. Nc7 Rad8 24. Qg3 Qh5 25. Nxe6 fxe6 26. Bf3 Qxh2+ 27. Qxh2
Nxh2 28. Kxh2 Rf6 29. Bxb7 Rh6+ 30. Kg1 1-0

[Event "Titled Tue 17th Jun Early"]
[Site "chess.com INT"]
[Date "2025.06.17"]
[Round "1"]
[White "Buscar, Michael"]
[Black "Bacrot, Etienne"]
[Result "0-1"]
[BlackTitle "GM"]
[WhiteElo "2016"]
[BlackElo "2633"]
[WhiteFideId "2603616"]
[BlackFideId "605506"]
[EventDate "2025.06.17"]

1. d4 d5 2. c4 dxc4 3. e3 e5 4. Bxc4 Nc6 5. Nf3 e4 6. Nfd2 Nf6 7. Qb3 Qd7 8. Nc3
Na5 9. Qb5 Nxc4 10. Qxc4 Qg4 11. Qxc7 Qxg2 12. Rf1 Bb4 13. Qe5+ Kf8 14. Nd5 Nxd5
15. Qxd5 Bh3 16. Qb5 Qxf1+ 17. Qxf1 Bxf1 18. Kxf1 Bxd2 19. Bxd2 Rc8 20. Bc3 Ke7
21. Ke2 f6 22. Rg1 Rhg8 23. Rg4 f5 24. Rg1 Ke6 25. Kd2 g5 26. Bb4 b6 27. a3 h6
28. Rh1 f4 29. h4 Rh8 30. hxg5 hxg5 31. Rg1 Kf5 32. Bd6 Rc6 33. Be5 Rhc8 34. Rf1
Rc2+ 0-1

[Event "Titled Tue 17th Jun Early"]
[Site "chess.com INT"]
[Date "2025.06.17"]
[Round "1"]
[White "Novosel, Lovro"]
[Black "Danzer, George"]
[Result "1-0"]
[WhiteTitle "FM"]
[BlackTitle "CM"]
[WhiteElo "2338"]
[BlackElo "2172"]
[WhiteFideId "14547120"]
[BlackFideId "4659465"]
[EventDate "2025.06.17"]

1. Nf3 Nf6 2. g3 g6 3. Bg2 Bg7 4. O-O d5 5. d3 Nbd7 6. Nbd2 e5 7. e4 dxe4 8.
dxe4 O-O 9. Re1 a5 10. Nc4 Qe7 11. b3 b5 12. Ba3 c5 13. Qd6 Qxd6 14. Nxd6 Ne8
15. Nxb5 Ba6 16. c4 Bxb5 17. cxb5 Rb8 18. Rad1 Nef6 19. Bf1 a4 20. bxa4 Ra8 21.
Bb2 Rxa4 22. Nxe5 Nxe5 23. Bxe5 Nxe4 24. Bxg7 Kxg7 25. Rd7 Kf6 26. b6 Rb8 27. b7
Rb4 28. a3 Ra4 29. Bb5 Rd4 30. Rxd4 cxd4 31. Rxe4 Rxb7 32. a4 1-0

[Event "Titled Tue 17th Jun Early"]
[Site "chess.com INT"]
[Date "2025.06.17"]
[Round "1"]
[White "Khanbutaev, Artemii"]
[Black "Schmakel, Sam"]
[Result "0-1"]
[BlackTitle "IM"]
[WhiteElo "2139"]
[BlackElo "2456"]
[WhiteFideId "55747175"]
[BlackFideId "2039311"]
[EventDate "2025.06.17"]

1. d4 Nf6 2. c4 g6 3. Nc3 Bg7 4. e4 d6 5. Be2 O-O 6. Be3 c5 7. d5 e6 8. Nf3 exd5
9. cxd5 b5 10. e5 dxe5 11. Bxc5 Re8 12. Bxb5 Nbd7 13. Ba3 Bb7 14. O-O Rc8 15.
Re1 Qa5 16. Qa4 Qxa4 17. Bxa4 e4 18. Nd2 e3 19. Rxe3 Rxe3 20. fxe3 Nb6 21. e4
Bh6 22. Nf3 Nxa4 23. Nxa4 Nxe4 24. Re1 Bxd5 25. Nd4 Bd2 26. Re2 Rc1+ 27. Re1
Rxe1# 0-1

[Event "Titled Tue 17th Jun Early"]
[Site "chess.com INT"]
[Date "2025.06.17"]
[Round "1"]
[White "Mizzi, Jack"]
[Black "Arya G Mallar"]
[Result "1-0"]
[WhiteTitle "CM"]
[BlackTitle "WCM"]
[WhiteElo "2107"]
[BlackElo "2000"]
[WhiteFideId "5602521"]
[BlackFideId "25115324"]
[EventDate "2025.06.17"]

1. d4 Nf6 2. c4 e6 3. Nf3 d5 4. Nbd2 Be7 5. g3 O-O 6. Bg2 Nbd7 7. O-O c6 8. Qc2
b6 9. e4 dxe4 10. Nxe4 Nxe4 11. Qxe4 Bb7 12. Rd1 Nf6 13. Qe2 Rc8 14. Bf4 Qe8 15.
Ne5 Nd7 16. Rd2 Nxe5 17. Bxe5 Bb4 18. Rc2 Qd7 19. a3 Bd6 20. Rd1 Rfd8 21. Bxd6
Qxd6 22. Rcd2 Qe7 23. Qe3 Qc7 24. c5 Qe7 25. b4 a5 26. Qc3 axb4 27. axb4 bxc5
28. dxc5 Qc7 29. Rd6 h6 30. h4 Rxd6 31. Rxd6 Ra8 32. Qd4 Bc8 33. Rd8+ Kh7 34. g4
Ra6 35. g5 hxg5 36. hxg5 e5 37. Be4+ g6 38. Qd6 Qxd6 39. cxd6 Be6 40. d7 Rb6 41.
Rh8+ Kxh8 42. d8=Q+ Kg7 43. Qxb6 1-0

[Event "Titled Tue 17th Jun Early"]
[Site "chess.com INT"]
[Date "2025.06.17"]
[Round "1"]
[White "Goldin, Roman"]
[Black "Shermuhammadov, Samandar"]
[Result "0-1"]
[WhiteTitle "FM"]
[BlackTitle "FM"]
[WhiteElo "2299"]
[BlackElo "2110"]
[WhiteFideId "2803860"]
[BlackFideId "14205602"]
[EventDate "2025.06.17"]

1. e4 d6 2. d4 Nf6 3. Nc3 g6 4. Nf3 Bg7 5. g3 O-O 6. Bg2 Nc6 7. h3 e5 8. Be3 Re8
9. O-O Bd7 10. Kh2 a6 11. a4 Qc8 12. Qd2 Na5 13. b3 Nc6 14. Rad1 b5 15. dxe5
Nxe5 16. Nxe5 dxe5 17. axb5 axb5 18. Nd5 Bc6 19. Qc3 Nxd5 20. exd5 Bb7 21. Rfe1
Qd7 22. Qc5 Bf8 23. Qc3 Bd6 24. Bc5 f5 25. Bxd6 cxd6 26. Rd2 Rac8 27. Qb4 Rc5
28. Ra1 Rec8 29. Ra7 R8c7 30. h4 f4 31. Bh3 Qd8 32. Be6+ Kg7 33. Qa5 g5 34. h5
fxg3+ 35. fxg3 Rxc2 36. Rxc2 Rxc2+ 37. Kh3 Qxa5 38. Rxa5 b4 39. Ra7 Rc7 40. Kg4
Kf6 41. Bc8 Bxc8+ 0-1

[Event "Titled Tue 17th Jun Early"]
[Site "chess.com INT"]
[Date "2025.06.17"]
[Round "1"]
[White "Kjaergaard-Jensen, Jesper"]
[Black "Mostbauer, Maximilian"]
[Result "0-1"]
[WhiteTitle "CM"]
[BlackTitle "CM"]
[WhiteElo "2081"]
[BlackElo "2202"]
[WhiteFideId "1406990"]
[BlackFideId "1626680"]
[EventDate "2025.06.17"]

1. d4 e6 2. Nf3 Nf6 3. c3 b6 4. Bg5 Bb7 5. Nbd2 d5 6. Ne5 Nbd7 7. e4 Be7 8. Bb5
O-O 9. Nxd7 Nxd7 10. Bxe7 Qxe7 11. e5 f6 12. f4 fxe5 13. fxe5 Qh4+ 14. g3 Qe7
15. Qg4 c5 16. O-O-O cxd4 17. cxd4 a6 18. Bd3 b5 19. Kb1 Nb6 20. Nb3 Na4 21. Rc1
Rf2 22. Nc5 Rxb2+ 23. Ka1 Nxc5 24. Rxc5 Rd2 25. Rhc1 Qf8 26. Rc7 Rxd3 27. Qxe6+
Kh8 28. Qd7 Rxd4 29. Rxb7 Rc4 30. Rxc4 dxc4 31. e6 c3 32. e7 Qf1+ 0-1

[Event "Titled Tue 17th Jun Early"]
[Site "chess.com INT"]
[Date "2025.06.17"]
[Round "1"]
[White "Savicevs, Arsenijs"]
[Black "Ersoz, Teoman Guney"]
[Result "0-1"]
[WhiteTitle "FM"]
[BlackTitle "CM"]
[WhiteElo "2211"]
[BlackElo "2052"]
[WhiteFideId "11617489"]
[BlackFideId "44537050"]
[EventDate "2025.06.17"]

1. e4 c5 2. Nf3 e6 3. d4 cxd4 4. Nxd4 a6 5. c4 Nf6 6. Nc3 Bb4 7. Qd3 Nc6 8. Nxc6
dxc6 9. Qxd8+ Kxd8 10. e5 Ne4 11. a3 Bxc3+ 12. bxc3 f6 13. f3 Nc5 14. Be3 Nd7
15. exf6 gxf6 16. c5 Ke7 17. O-O-O Ne5 18. Be2 Bd7 19. f4 Ng6 20. g3 Rhd8 21. h4
Be8 22. h5 Nh8 23. Bd3 h6 24. f5 Nf7 25. fxe6 Kxe6 26. Rhe1 Ne5 27. Bxh6 Bxh5
28. Bc4+ Kf5 29. Rxd8 Rxd8 30. Be2 Bxe2 31. Rxe2 Nd3+ 32. Kc2 Nxc5 33. Rf2+ Kg6
34. Be3 Ne4 35. Rf4 f5 36. g4 Nd6 37. gxf5+ Nxf5 38. Bb6 Rd5 39. Re4 Kf6 40. a4
Nd6 0-1

[Event "Titled Tue 17th Jun Early"]
[Site "chess.com INT"]
[Date "2025.06.17"]
[Round "1"]
[White "Terron Elena, Francisco M."]
[Black "Ratkovic, Miloje"]
[Result "0-1"]
[WhiteTitle "FM"]
[BlackTitle "GM"]
[WhiteElo "2148"]
[BlackElo "2489"]
[WhiteFideId "2210576"]
[BlackFideId "914517"]
[EventDate "2025.06.17"]

1. e4 Nf6 2. e5 Nd5 3. d4 c6 4. c4 Nc7 5. f4 d6 6. Nf3 g6 7. Nc3 Bg7 8. Be2 O-O
9. O-O b5 10. cxb5 cxb5 11. Nxb5 Nxb5 12. Bxb5 Bb7 13. Be2 Nd7 14. e6 fxe6 15.
Ng5 Bd5 16. Bf3 Rf6 17. Bxd5 exd5 18. Qf3 Nb6 19. Qh3 h6 20. Nf3 Qc8 21. Qg3 Qf5
22. Bd2 Nc4 23. Nh4 Qh5 24. Bc3 Raf8 25. Rae1 e6 26. f5 gxf5 27. b3 f4 28. Qh3
Ne3 29. Rf3 Rc8 30. Bd2 Nc2 31. Rxe6 Rff8 32. Rxd6 Nxd4 33. Rxf4 Ne2+ 0-1

[Event "Titled Tue 17th Jun Early"]
[Site "chess.com INT"]
[Date "2025.06.17"]
[Round "1"]
[White "Bozorov, Javohir"]
[Black "Kovalenko, Igor"]
[Result "0-1"]
[WhiteTitle "FM"]
[BlackTitle "GM"]
[WhiteElo "2039"]
[BlackElo "2676"]
[WhiteFideId "14216957"]
[BlackFideId "14117908"]
[EventDate "2025.06.17"]

1. e4 d5 2. exd5 Qxd5 3. Nc3 Qa5 4. d4 Nf6 5. Nf3 c6 6. Bd3 Bg4 7. h3 Bh5 8. g4
Bg6 9. Ne5 Nbd7 10. Nxg6 hxg6 11. Bd2 e6 12. Qf3 Bb4 13. a3 Bxc3 14. Bxc3 Qc7
15. h4 Nb6 16. O-O-O O-O-O 17. g5 Nh5 18. Qe4 Qf4+ 19. Kb1 Na4 20. Bd2 Qxe4 21.
Bxe4 Rxd4 22. Bf3 Rhd8 23. Be3 Rxd1+ 24. Rxd1 Rxd1+ 25. Bxd1 Nb6 26. Bd4 Kc7 27.
Bxh5 gxh5 28. Bxg7 Nc4 29. Kc1 Kd7 30. Bc3 Nd6 31. Be5 Nf5 32. Bg3 b5 33. Kd2 c5
34. Kd3 Ne7 35. Ke4 Ng6 36. f4 c4 37. c3 a6 38. f5 Ne7 39. f6 Ng6 40. Bf2 Kd6
41. Bg3+ e5 42. Be1 Kd7 43. Bg3 Ke6 44. Bf2 Nf4 45. Bg3 Nd3 46. b3 Nc5+ 47. Ke3
cxb3 48. Kd2 Ne4+ 49. Kc1 Nxg3 50. Kb2 Nf5 51. g6 fxg6 52. f7 Kxf7 53. Kxb3 Nxh4
54. Kb4 e4 55. Ka5 e3 56. Kxa6 e2 57. Kxb5 e1=Q 0-1

[Event "Titled Tue 17th Jun Early"]
[Site "chess.com INT"]
[Date "2025.06.17"]
[Round "1"]
[White "Peatman, Carter"]
[Black "Dominguez Exposito, Ibon"]
[Result "0-1"]
[BlackTitle "CM"]
[WhiteElo "2082"]
[BlackElo "2201"]
[WhiteFideId "2096480"]
[BlackFideId "54589452"]
[EventDate "2025.06.17"]

1. d4 d5 2. Bf4 Nf6 3. e3 c5 4. dxc5 Nc6 5. Bb5 e6 6. b4 Be7 7. c3 O-O 8. Ne2
Ne4 9. Nd2 f5 10. Nxe4 fxe4 11. O-O Bf6 12. Qb3 a6 13. Ba4 e5 14. Bg3 Be6 15.
Rad1 Qe7 16. Qb2 Rfd8 17. Bb3 Rd7 18. a3 Rad8 19. Qa2 Bf7 20. Rd2 h5 21. h3 g5
22. Rfd1 d4 23. cxd4 exd4 24. exd4 Nxd4 25. Nxd4 Rxd4 26. Bd6 Rxd2 27. Bxe7
Rxd1+ 28. Kh2 Bxe7 29. Bxf7+ Kg7 30. Bxh5 Rf8 31. Bxd1 Bf6 32. Bg4 Be5+ 33. g3
Bd4 34. Kg2 Rf6 35. Bc8 b6 36. Bxa6 bxc5 37. bxc5 Bxc5 38. Bc4 Ba7 39. Bd5 e3
40. fxe3 Bxe3 41. Bf3 Rd6 42. h4 Rd2+ 43. Kh3 Rxa2 0-1

[Event "Titled Tue 17th Jun Early"]
[Site "chess.com INT"]
[Date "2025.06.17"]
[Round "1"]
[White "Elier, Ali"]
[Black "Novikova, Marharyta"]
[Result "1-0"]
[WhiteTitle "CM"]
[BlackTitle "WCM"]
[WhiteElo "2142"]
[BlackElo "1974"]
[WhiteFideId "16217543"]
[BlackFideId "14109689"]
[EventDate "2025.06.17"]

1. e4 d5 2. exd5 Qxd5 3. Nf3 Nf6 4. Nc3 Qd6 5. Be2 Bf5 6. O-O c6 7. d4 e6 8. Re1
Be7 9. Bd3 Bxd3 10. Qxd3 Nbd7 11. Bg5 O-O-O 12. Rad1 h6 13. Bh4 Qc7 14. Bg3 Bd6
15. Qc4 Nb6 16. Qb3 g5 17. Be5 Bxe5 18. Nxe5 Nfd5 19. Ne4 f6 20. Nxf6 Nxf6 21.
Qxe6+ Nfd7 22. Nf7 Rhf8 23. Nxd8 Rxd8 24. Qxh6 g4 25. Qg5 Nc4 26. b3 Na3 27.
Qxg4 Nxc2 28. Re7 Qd6 29. Rg7 Kb8 30. Rg8 Rxg8 31. Qxg8+ Kc7 32. Qg3 Nb4 33. h4
Qxg3 34. fxg3 Nf6 35. Rf1 Nbd5 36. Kh2 Ng4+ 37. Kh3 Nge3 38. Rf7+ Kb6 39. g4 Nc3
40. g5 Ne2 41. g6 1-0

[Event "Titled Tue 17th Jun Early"]
[Site "chess.com INT"]
[Date "2025.06.17"]
[Round "1"]
[White "Shimanov, Aleksandr"]
[Black "Reprintsev, Alexander"]
[Result "1-0"]
[WhiteTitle "GM"]
[BlackTitle "IM"]
[WhiteElo "2578"]
[BlackElo "2256"]
[WhiteFideId "4198603"]
[BlackFideId "14100541"]
[EventDate "2025.06.17"]

1. e4 e5 2. Nf3 Nc6 3. Nc3 Bb4 4. Nd5 Nf6 5. Nxb4 Nxb4 6. d3 Nc6 7. c3 h6 8. Be2
d5 9. Qc2 Be6 10. b4 a6 11. O-O O-O 12. a4 dxe4 13. dxe4 Nd7 14. Be3 Ne7 15.
Rfd1 Ng6 16. g3 Qe7 17. Nd2 Rfd8 18. Nb3 Ngf8 19. Na5 Rab8 20. Rd2 Nf6 21. Rxd8
Qxd8 22. f3 Qc8 23. Rd1 Ne8 24. c4 Bd7 25. c5 Ne6 26. b5 axb5 27. axb5 c6 28. b6
Ra8 29. Nc4 f6 30. Qd2 Nf8 31. Qc3 Be6 32. Ra1 Nd7 33. Ra7 Rb8 34. Na5 g5 35.
Nxb7 Rxb7 36. Ba6 Rxa7 37. Bxc8 Ra2 38. Bxd7 Bxd7 39. Qb3+ 1-0

[Event "Titled Tue 17th Jun Early"]
[Site "chess.com INT"]
[Date "2025.06.17"]
[Round "1"]
[White "Thipsay, Bagyashree Sathe"]
[Black "Moldagali, Beksultan"]
[Result "0-1"]
[WhiteTitle "WIM"]
[BlackTitle "FM"]
[WhiteElo "2075"]
[BlackElo "2397"]
[WhiteFideId "5001013"]
[BlackFideId "13734768"]
[EventDate "2025.06.17"]

1. e4 d5 2. exd5 Qxd5 3. Nc3 Qa5 4. d4 Nf6 5. Nf3 Bf5 6. Ne5 c6 7. Bc4 e6 8. g4
Bg6 9. h4 Nbd7 10. Nxd7 Nxd7 11. h5 Be4 12. Rh3 Bd5 13. Bd3 O-O-O 14. Qe2 c5 15.
Bd2 cxd4 16. Nxd5 Qxd5 17. Be4 Qd6 18. Rb3 Nc5 19. Qb5 Qb6 20. Qc4 Qc7 21. Bf4
e5 22. Bf5+ Kb8 23. Bg3 g6 24. Bd3 Nxb3 25. Qxb3 Bd6 26. Be4 Rhf8 27. g5 Be7 28.
O-O-O Bxg5+ 29. Kb1 Rd7 30. hxg6 hxg6 31. Bd5 Rfd8 32. Bg2 f5 0-1

[Event "Titled Tue 17th Jun Early"]
[Site "chess.com INT"]
[Date "2025.06.17"]
[Round "1"]
[White "El Zein, Zayne-Eddine"]
[Black "Svane, Rasmus"]
[Result "0-1"]
[WhiteTitle "CM"]
[BlackTitle "GM"]
[WhiteElo "2194"]
[BlackElo "2626"]
[WhiteFideId "5313210"]
[BlackFideId "4657101"]
[EventDate "2025.06.17"]

1. e4 c6 2. d3 d5 3. Nd2 e5 4. Ngf3 Bd6 5. d4 exd4 6. exd5 cxd5 7. Bd3 Nc6 8.
O-O Nge7 9. Nb3 O-O 10. Nbxd4 a6 11. c3 h6 12. Re1 Re8 13. h3 Bc7 14. Bc2 Nxd4
15. Qxd4 Be6 16. Bf4 Nc6 17. Qd2 Bxf4 18. Qxf4 Qb6 19. Rab1 d4 20. cxd4 Bxa2 21.
Ra1 Qxb2 22. Be4 Red8 23. Reb1 Bxb1 24. Rxb1 Qa2 25. Rxb7 Nxd4 26. Nxd4 Rxd4 27.
Bh7+ Kxh7 28. Qxd4 Qe6 29. Rb6 Qf5 30. Rb3 a5 31. Rf3 Qb1+ 32. Kh2 f6 33. Qd7
Qb8+ 34. Rg3 Qf8 35. Qf5+ Kh8 36. h4 a4 37. Qe4 a3 38. Rg5 0-1

[Event "Titled Tue 17th Jun Early"]
[Site "chess.com INT"]
[Date "2025.06.17"]
[Round "1"]
[White "Kulnev, Aleksandr"]
[Black "Stribuk, Artiom"]
[Result "0-1"]
[WhiteTitle "CM"]
[BlackTitle "IM"]
[WhiteElo "2213"]
[BlackElo "2460"]
[WhiteFideId "54157544"]
[BlackFideId "13515659"]
[EventDate "2025.06.17"]

1. d4 g6 2. e4 Bg7 3. Nc3 d6 4. Bg5 Nf6 5. Qd2 h6 6. Be3 Ng4 7. Bc4 Nxe3 8. Qxe3
O-O 9. Nf3 Bg4 10. O-O-O Nc6 11. h3 Bxf3 12. gxf3 e5 13. d5 Nd4 14. Nb5 Qh4 15.
Rdg1 h5 16. Kd1 Kh7 17. Nxd4 exd4 18. Qd2 Rae8 19. Rh2 Bh6 20. Qxd4 Qf4 21. Rg3
h4 22. Rgg2 Qxf3+ 23. Be2 Rxe4 24. Bxf3 Rxd4+ 25. Ke1 Re8+ 26. Kf1 Rd2 27. Rg4
Rxc2 28. Rb4 b6 29. Rb3 Rc1+ 30. Kg2 Ree1 31. Bg4 Bf4 0-1